000 00480nam a2200169Ia 4500
008 210719s2002 xx 000 0 und d
020 _a9971514052
041 _aeng
082 _a621.38195 VAHE
100 _aVAHID (Frank);GIVARGIS (Tony)
245 _aEmbedded system design a unified hardware/software introduction.
260 _aDelhi.
_bJohn Wiley and Sons
_c2002
300 _axxi,324
_bPB
365 _cRs
650 _aComputer Hardware
906 _aHardware Software
999 _c213638
_d213638